01208nam a2200301 i 450000500170000000700030001700800410002002000180006104000350007904100080011408200210012210000430014324501180018625000220030426400350032630000250036133600270038633700330041333800280044650000540047450400520052852100380058054500740061865000540069265000630074665000610080970000360087020220317002039.0ta201118s2019 ck er 000 0dspa d a9789584861399 aCO-BoRNBPbspaerdacCO-BoRNBP0 aspa04a028.55bG89l2221 aGuzmán Méndez, Diana Paolaeautora13aLa lectura en Colombiabformas de estudiarla y promoverlacDiana Paola Guzmán Méndez, Laura Acero Polanía  aPrimera edición 1aBogotábFilomena Editac2019 a146 páginasc17 cm 2rdacontentatextobtxt 2rdamediaasin mediaciónbn 2rdacarrieravolumenbnc aIncluye glosario de términos al final del texto aIncluye bibliografía en páginas : 140-146  aRecomendado para público adulto aIncluye datos biográficos de las autoras al inicio de cada capitulo17aLectura y librosxInvestigacioneszColombia2LEMB17aPromoción de la lecturaxInvestigacioneszColombia2LEMB17aFormación de lectoresxInvestigacioneszColombia2LEMB1 aAcero Polanía, Laura eautora